| 000 | 00883nam a22001937a 4500 | ||
|---|---|---|---|
| 003 | JO-AjAnu | ||
| 005 | 20250715052947.0 | ||
| 008 | 250715b jo ||||| |||| 00| 0 ara d | ||
| 040 |
_aANU _cJO-AjAnu |
||
| 041 | _hARA | ||
| 100 |
_aأبو حق، عماد خليل _eمعد _966578 |
||
| 245 |
_aتمويل التحكيم من الغير (التمويل من طرف ثالث) = Third Party Funding in Arbitration _c / إعداد عماد خليل أبو حق ؛ اشراف احمد فهد محمد البطوش |
||
| 260 | _c2025 | ||
| 300 | _a113 ورقة | ||
| 500 | _aرسالة جامعية (رسالة ماجستير في القانون) - جامعة عجلون الوطنية (الاردن-عجلون) - كلية الحقوق ، 2025 | ||
| 650 | _vالتحكيم القضائي | ||
| 700 |
_aالبطوش، احمد فهد محمد _965783 _eمشرف |
||
| 942 |
_2lcc _cTHS _n0 |
||
| 999 |
_c33937 _d33937 |
||